Encyclopedia of the solar system /

Long before Galileo published his discoveries about Jupiter, lunar craters, and the Milky Way in the Starry Messenger in 1610, people were fascinated with the planets and stars around them. That interest continues today, and scientists are making new discoveries at an astounding rate. Ancient lake b...

Full description

Bibliographic Details
Corporate Author: ScienceDirect (Online service)
Other Authors: McFadden, Lucy-Ann Adams, Weissman, Paul Robert, 1947-, Johnson, T. V. (Torrence V.)
Format: eBook
Language:English
Published: Amsterdam ; Boston : Academic, 2007.
Edition:2nd ed.
Subjects:
Online Access:Connect to the full text of this electronic book

MARC

Tag First Indicator Second Indicator Subfields
LEADER 00000cam a2200000Ia 4500
001 in00002425299
005 20190327171533.0
006 m d
007 cr cn|||||||||
008 070806s2007 ne ab sbe 001 0 eng d
020 |a 9780120885893 
020 |a 0120885891 
035 |a (OCoLC)ocn162570421 
035 |a (OCoLC)162570421 
037 |a 111743:111827  |b Elsevier Science & Technology  |n http://www.sciencedirect.com 
040 |a OPELS  |c OPELS  |d BAKER  |d UtOrBLW 
043 |a zs----- 
049 |a TEFA 
050 1 4 |a QB501  |b .E53 2007eb 
082 0 4 |a 523.203  |2 22 
245 0 0 |a Encyclopedia of the solar system /  |c editors, Lucy-Ann McFadden, Paul R. Weissman and Torrence V. Johnson. 
250 |a 2nd ed. 
264 1 |a Amsterdam ;  |a Boston :  |b Academic,  |c 2007. 
300 |a xx, 966 pages :  |b illustrations, maps ;  |c 29 cm. 
336 |a text  |b txt  |2 rdacontent 
337 |a computer  |b c  |2 rdamedia 
338 |a online resource  |b cr  |2 rdacarrier 
533 |a Electronic reproduction.  |b Amsterdam :  |c Elsevier Science & Technology,  |d 2007.  |n Mode of access: World Wide Web.  |n System requirements: Web browser.  |n Title from title screen (viewed on Aug. 2, 2007).  |n Access may be restricted to users at subscribing institutions. 
520 |a Long before Galileo published his discoveries about Jupiter, lunar craters, and the Milky Way in the Starry Messenger in 1610, people were fascinated with the planets and stars around them. That interest continues today, and scientists are making new discoveries at an astounding rate. Ancient lake beds on Mars, robotic spacecraft missions, and new definitions of planets now dominate the news. How can you take it all in? Start with the new Encyclopedia of the Solar System, Second Edition. This self-contained reference follows the trail blazed by the bestselling first edition. It provides a framework for understanding the origin and evolution of the solar system, historical discoveries, and details about planetary bodies and how they interactand has jumped light years ahead in terms of new information and visual impact. Offering more than 50% new material, the Encyclopedia includes the latest explorations and observations, hundreds of new color digital images and illustrations, and more than 1,000 pages. It stands alone as the definitive work in this field, and will serve as a modern messenger of scientific discovery and provide a look into the future of our solar system. Forty-seven chapters from 75+ eminent authors review fundamental topics as well as new models, theories, and discussions Each entry is detailed and scientifically rigorous, yet accessible to undergraduate students and amateur astronomers More than 700 full-color digital images and diagrams from current space missions and observatories amplify the chapters Thematic chapters provide up-to-date coverage, including a discussion on the new International Astronomical Union (IAU) vote on the definition of a planet Information is easily accessible with numerous cross-references and a full glossary and index. 
505 0 |a Preface -- Foreword -- The Solar System and Its Place in the Galaxy -- The Origin of the Solar System -- A History of Solar System Studies -- The Sun -- The Solar Wind -- Mercury -- Venus: Atmosphere -- Venus: Surface and Interior -- Earth as a Planet: Atmosphere and Oceans -- Earth as a Planet: Surface and Interior -- The Sun-Earth Connection -- The Moon -- Meteorites -- Near-Earth Objects -- Mars Atmosphere: History and Surface Interaction -- Mars: Surface and Interior -- Mars: Landing Site Geology, Mineralogy, and Geochemistry -- Main-Belt Asteroids -- Planetary Satellites -- Atmospheres of the Giant Planets -- Interiors of the Giant Planets -- Io: The Volcanic Moon -- Europa -- Ganymede and Callisto -- Titan -- Triton -- Planetary Rings -- Planetary Magnetospheres -- Pluto and Charon -- Physics and Chemistry of Comets -- Cometary Dynamics -- Kuiper Belt: Dynamics -- Kuiper Belt Objects: Physical Studies -- Solar System Dust -- X-Rays in the Solar System -- The Solar System at Ultraviolet Wavelengths -- Infrared Views of the Solar System from Space -- The Solar System at Radio Wavelengths -- New Generation Optical/Infrared Telescopes -- Planetary Radar -- Semote Chemical Analysis -- Solar System Dynamics: Regular and Chaotic Motion -- Planetary Impacts -- Planetary Volcanism -- Planets and the Origin of Life -- Planetary Exploration Missions -- Extra-Solar Planets -- Appendices -- Glossary -- Index. 
504 |a Includes bibliographical references and index. 
505 0 |a The solar system and its place in the galaxy -- The origin of the solar system -- A history of solar system studies -- The Sun -- The solar wind -- Mercury -- Venus: atmosphere -- Venus: surface and interior -- Earth as a planet: atmosphere and oceans -- Earth as a planet: surface and interior -- The Sun-Earth connection -- The Moon -- Meteorites -- Near-Earth objects -- Mars atmosphere: history and surface interactions -- Mars: surface and interior -- Mars: landing site geology, mineralogy and geochemistry -- Main-belt asteroids -- Planetary satellites -- Atmospheres of the giant planets -- Io: the volcanic moon -- Europa -- Ganymede and Callisto -- Titan -- Triton -- Planetary rings -- Planetary magnetospheres -- Pluto -- Physics and chemistry of comets -- Comet populations and cometary dynamics -- Kuiper Belt: dynamics -- Kuiper Belt objects: physical studies -- Solar system dust -- X-rays in the solar system -- The solar system at ultraviolet wavelengths -- Infrared views of the solar system from space -- The solar system at radio wavelengths -- New generation ground-based optical/infrared telescopes -- Planetary radar -- Remote chemical sensing using nuclear spectroscopy -- Solar system dynamics: regular and chaotic motion -- Planetary impacts. 
520 |a Long before Galileo published his discoveries about Jupiter, lunar craters, and the Milky Way in the Starry Messenger in 1610, people were fascinated with the planets and stars around them. That interest continues today, and scientists are making new discoveries at an astounding rate. Ancient lake beds on Mars, robotic spacecraft missions, and new definitions of planets now dominate the news. How can you take it all in? Start with the new Encyclopedia of the Solar System, Second Edition. This self-contained reference follows the trail blazed by the bestselling first edition. It provides a framework for understanding the origin and evolution of the solar system, historical discoveries, and details about planetary bodies and how they interact . It stands alone as the definitive work in this field, and will serve as a modern messenger of scientific discovery and provide a look into the future of our solar system. 
500 |a Electronic resource. 
651 0 |a Solar system  |v Encyclopedias. 
650 1 7 |a Zonnestelsel.  |2 gtt 
655 7 |a Electronic books.  |2 local 
700 1 |a McFadden, Lucy-Ann Adams. 
700 1 |a Weissman, Paul Robert,  |d 1947- 
700 1 |a Johnson, T. V.  |q (Torrence V.) 
776 1 |c Original  |z 9780120885893  |z 0120885891  |w (DLC) 2006937972  |w (OCoLC)76797928 
710 2 |a ScienceDirect (Online service) 
856 4 0 |u http://proxy.library.tamu.edu/login?url=http://www.sciencedirect.com/science/book/9780120885893  |z Connect to the full text of this electronic book  |t 0 
938 |a Baker & Taylor  |b BKTY  |c 99.95  |d 99.95  |i 0120885891  |n 0006812089  |s active 
994 |a C0  |b TEF 
999 |a MARS 
999 f f |s 8ca34f9b-8f86-3483-8d5d-2d1ca22e8783  |i 276c319f-7081-3b79-9705-a9a9a9351b55  |t 0 
952 f f |a Texas A&M University  |b College Station  |c Electronic Resources  |d Available Online  |t 0  |e QB501 .E53 2007eb  |h Library of Congress classification 
998 f f |a QB501 .E53 2007eb  |t 0  |l Available Online